000 00285nam a2200121Ia 4500
005 20251222142025.0
008 251222s9999||||xx |||||||||||||| ||spa||
082 _a860.98/F75
100 _aForgues, Roland
245 0 _aEl Fetichismo y La Letra:
264 _bHorizonte
942 _cLIB
999 _c10784
_d10784